00544nam a22001697a 450000500170000001000150001702000270003203500140005903700130007308200130008610000160009924500530011526000340016827001120020230000240031450000360033820200224170908.0 aENG-127942 a9789386806307c1499.00 aEN-111474 bDBAD/PUB a338.4791 aSharma,Ravi aGeography and Tourism Marketing/cby Ravi Sharma aNew DelhibIshwar Booksc2019 aB-29,Arya Nagar CGHS Ltd, Plot.No. 91, I.P Extension, Patparganj bNew Delhie110092mishwarbooks@gmail.com avii;288p.c24cm(hb) aIncludes Bibliography and Index